[Event "Weekend"]
[Site "Monza ITA"]
[Date "2006.03.26"]
[Round "5"]
[White "Crippa, Oscar"]
[Black "Merlini, Luigi"]
[Result "1/2-1/2"]
[WhiteElo "1577"]
[BlackElo "1432"]
[PlyCount "99"]
[EventDate "2006.03.18"]

1.e4 e5 2.Nf3 Nc6 3.d4 exd4 4.Nxd4 Nxd4 5.Qxd4 d6 6.Nc3 Nf6 7.Bc4 c6 8.Bg5
Be7 9.O-O-O O-O 10.f4 Be6 11.h3 Bxc4 12.Qxc4 h6 13.Bxf6 Bxf6 14.Qb3 Qc7 
15.g3 b5 16.Nb1 Be7 17.Qf3 a5 18.Rd3 b4 19.Rhd1 a4 20.Nd2 b3 21.a3 bxc2 
22.Kxc2 Rfc8 23.Rb1 Rab8 24.Kd1 Rb5 25.b4 axb3 26.Rdxb3 Rxb3 27.Qxb3 Qa7 
28.Qb7 Qxb7 29.Rxb7 Kf8 30.Kc2 d5 31.Kb3 Ra8 32.a4 Ke8 33.exd5 cxd5 34.Nf3
Bd6 35.Rb5 Rb8 36.Nd4 Rxb5+ 37.axb5 g6 38.Kc3 Kd7 39.Kd3 Bc5 40.Nf3 f6 41.
g4 Kc7 42.Nh4 g5 43.fxg5 fxg5 44.Nf5 Kb6 45.h4 gxh4 46.Nxh4 Kxb5 47.Nf3 
Bd6 48.Nd4+ Kc5 49.Nf5 Bf8 50.Nd4 1/2-1/2

[Event "Weekend"]
[Site "Monza ITA"]
[Date "2006.03.26"]
[Round "5"]
[White "Faccio, Fabio"]
[Black "Madaschi, Sergio"]
[Result "1-0"]
[WhiteElo "1948"]
[BlackElo "1523"]
[PlyCount "47"]
[EventDate "2006.03.18"]

1.e4 c5 2.Nf3 Nc6 3.d4 cxd4 4.Nxd4 Nf6 5.Nc3 e5 6.Ndb5 a6 7.Nd6+ Bxd6 8.
Qxd6 Qe7 9.Qxe7+ Nxe7 10.Bg5 Nfg8 11.Bc4 h6 12.Be3 Nf6 13.Bc5 Nc6 14.O-O-O
b5 15.Bb3 Bb7 16.Rd3 Na5 17.f3 Bc6 18.Rhd1 Nb7 19.Bb6 O-O 20.Nd5 Ne8 21.
Ne7+ Kh8 22.Nxc6 dxc6 23.Rd7 Nbd6 24.Bc5 1-0

[Event "Weekend"]
[Site "Monza ITA"]
[Date "2006.03.26"]
[Round "5"]
[White "Lapiccirella, Mattia"]
[Black "Pelizzola, Danilo"]
[Result "1-0"]
[WhiteElo "2243"]
[BlackElo "2015"]
[PlyCount "77"]
[EventDate "2006.03.18"]

1.d4 Nf6 2.c4 e6 3.Nf3 b6 4.g3 Bb7 5.Bg2 Be7 6.O-O O-O 7.Re1 c5 8.Nc3 d6 
9.d5 e5 10.e4 Ne8 11.Nd2 Nd7 12.f4 Bf6 13.Nf3 Qe7 14.f5 Kh8 15.g4 g5 16.h4
Rg8 17.hxg5 Bxg5 18.Nxg5 Rxg5 19.Kf2 Nc7 20.Rh1 Rag8 21.Bf3 Ba6 22.b3 Bc8 
23.Bxg5 Rxg5 24.Qd2 f6 25.Rh5 Nf8 26.Rah1 Rg7 27.g5 fxg5 28.Rg1 Ne8 29.
Rhxg5 Rxg5 30.Qxg5 Qxg5 31.Rxg5 Bd7 32.Bh5 Nf6 33.Bf7 a5 34.Ke3 Be8 35.
Bxe8 Nxe8 36.Nb5 Nd7 37.a3 Ndf6 38.Rg1 Nd7 39.Na7 1-0

[Event "Weekend"]
[Site "Monza ITA"]
[Date "2006.03.26"]
[Round "5"]
[White "Manca, Renato"]
[Black "Fiorili, Roberto"]
[Result "1-0"]
[WhiteElo "1772"]
[BlackElo "1971"]
[PlyCount "63"]
[EventDate "2006.03.18"]

1.e4 c5 2.Nf3 d6 3.d4 cxd4 4.c3 dxc3 5.Nxc3 Nc6 6.Bc4 a6 7.O-O Nf6 8.Qe2 
Qc7 9.Bg5 e6 10.Bxf6 gxf6 11.Rac1 b5 12.Bd5 Bb7 13.Bxc6+ Bxc6 14.Nd4 Rc8 
15.Nd5 Qb7 16.Nxf6+ Ke7 17.Nxc6+ Rxc6 18.e5 Bh6 19.Rxc6 Qxc6 20.Qg4 Kf8 
21.exd6 Qxd6 22.Rd1 Qe7 23.Qh4 Bg7 24.Nd7+ Ke8 25.Qe4 f5 26.Qc6 Kf7 27.Nc5
Qf6 28.Rd7+ Kg6 29.Nxe6 Bh6 30.Rd6 Qe5 31.Nd4+ Kf7 32.Rd7+ 1-0

[Event "Weekend"]
[Site "Monza ITA"]
[Date "2006.03.26"]
[Round "5"]
[White "Mannoni, Luigi"]
[Black "Lamera, Giuseppe"]
[Result "1-0"]
[WhiteElo "1562"]
[BlackElo "1419"]
[PlyCount "89"]
[EventDate "2006.03.18"]

1.e4 d6 2.Nf3 Bg4 3.Bc4 e6 4.d3 c6 5.O-O Nd7 6.d4 e5 7.d5 c5 8.Be3 Be7 9.
Nbd2 h6 10.a3 Ngf6 11.b4 b6 12.Bb5 O-O 13.Bc6 Rb8 14.b5 Bh5 15.h3 Bg6 16.
Re1 Nxe4 17.Nxe4 Bxe4 18.Bxh6 Bxf3 19.Qxf3 gxh6 20.Qg4+ Bg5 21.Bxd7 Qf6 
22.h4 Qf4 23.hxg5 Qxg5 24.Re3 Kh8 25.Qxg5 hxg5 26.Bf5 Kg7 27.Rh3 Rh8 28.
Re1 Rh6 29.Rxh6 Kxh6 30.g4 Rh8 31.Re4 Re8 32.c4 Re7 33.Re3 f6 34.Rh3+ Kg7 
35.Rh7+ Kf8 36.Rh8+ Kg7 37.Rd8 e4 38.Rxd6 e3 39.Kf1 exf2 40.Kxf2 Rf7 41.
Re6 Rb7 42.Rc6 Kf7 43.d6 Ke8 44.Rc7 Rb8 45.Rh7 1-0

[Event "Weekend"]
[Site "Monza ITA"]
[Date "2006.03.26"]
[Round "5"]
[White "Montagner, Enzo"]
[Black "Poletto, Daniele"]
[Result "1/2-1/2"]
[WhiteElo "1453"]
[BlackElo "1670"]
[PlyCount "39"]
[EventDate "2006.03.18"]

1.d4 Nf6 2.c4 g6 3.Nc3 Bg7 4.e4 d6 5.d5 e5 6.h3 O-O 7.Bd3 a5 8.Nge2 Na6 9.
O-O Nc5 10.Bc2 h6 11.Be3 Nh7 12.f4 exf4 13.Bxf4 Re8 14.Qd2 h5 15.Rae1 g5 
16.Be3 g4 17.hxg4 Bxg4 18.Bd4 Qg5 19.Qxg5 Nxg5 20.Bxg7 1/2-1/2

[Event "Weekend"]
[Site "Monza ITA"]
[Date "2006.03.26"]
[Round "5"]
[White "Rinaldo, Andrea"]
[Black "Tomasetto, Mauro"]
[Result "1-0"]
[WhiteElo "1772"]
[BlackElo "1512"]
[PlyCount "65"]
[EventDate "2006.03.18"]

1.d4 Nf6 2.Nf3 d5 3.e3 Bg4 4.c4 e6 5.Nc3 c6 6.Be2 Bd6 7.O-O O-O 8.c5 Bc7 
9.b4 Nbd7 10.b5 e5 11.Nh4 Be6 12.bxc6 bxc6 13.g3 Bh3 14.Ng2 Bxg2 15.Kxg2 
exd4 16.exd4 Ba5 17.Qc2 Re8 18.Be3 Rb8 19.h3 Nf8 20.Bd3 Ng6 21.Rab1 Bc7 
22.Ne2 Ne4 23.Qa4 Rxb1 24.Rxb1 Nxg3 25.Nxg3 Bxg3 26.Kxg3 Qh4+ 27.Kg2 Nf4+ 
28.Bxf4 Qxf4 29.Qxc6 Qg5+ 30.Kf1 Rd8 31.Qc7 g6 32.Qg3 Qd2 33.c6 1-0

[Event "Weekend"]
[Site "Monza ITA"]
[Date "2006.03.26"]
[Round "5"]
[White "Santelli, Francesco"]
[Black "Cardani, Roberto"]
[Result "0-1"]
[WhiteElo "1810"]
[BlackElo "1854"]
[PlyCount "58"]
[EventDate "2006.03.18"]

1.e4 c5 2.Nf3 d6 3.d4 cxd4 4.Nxd4 Nf6 5.Nc3 a6 6.Be2 e5 7.Nb3 Be7 8.Bg5 
Be6 9.Bxf6 Bxf6 10.Nd5 Bg5 11.h4 Bxh4 12.Bg4 Bg5 13.Bxe6 fxe6 14.Nc7+ Qxc7
15.Qh5+ Qf7 16.Qxg5 O-O 17.Qh4 h6 18.O-O-O d5 19.Qg3 Qxf2 20.Qxe5 Qe3+ 21.
Kb1 Qxe4 22.Qc7 Nc6 23.Rde1 Qc4 24.Rxe6 Rac8 25.Qg3 Nb4 26.c3 Rf1+ 27.Rxf1
Qxf1+ 28.Re1 Qf5+ 29.Ka1 Nc2+ 0-1

[Event "Weekend"]
[Site "Monza ITA"]
[Date "2006.03.26"]
[Round "5"]
[White "Serio, Danilo"]
[Black "Arboscelli, Gregorio"]
[Result "0-1"]
[WhiteElo "1916"]
[BlackElo "1894"]
[PlyCount "150"]
[EventDate "2006.03.18"]

1.f4 d5 2.Nf3 Nf6 3.g3 g6 4.Bg2 Bg7 5.O-O O-O 6.d3 c6 7.Qe1 Qb6+ 8.Kh1 Ng4
9.c3 Ne3 10.Bxe3 Qxe3 11.Na3 Nd7 12.d4 Qe6 13.Ng5 Qd6 14.e4 dxe4 15.Nxe4 
Qc7 16.f5 Nf6 17.fxg6 hxg6 18.Ng5 Bh6 19.Nf3 Be6 20.Ne5 Bd5 21.Bxd5 cxd5 
22.Qe2 Ne4 23.Qg4 Bg7 24.Nf3 a6 25.Rae1 e6 26.Qh4 Bf6 27.Qg4 Qe7 28.Nc2 
Bg7 29.Ne3 g5 30.Qh5 f5 31.Ng2 Rf6 32.Ne5 Rh6 33.Qf3 Bxe5 34.dxe5 Nd2 35.
Qf2 Nxf1 36.Rxf1 Rc8 37.Ne3 Qg7 38.Re1 b5 39.Nc2 Rc4 40.Nd4 b4 41.cxb4 Qa7
42.Rd1 Rxb4 43.Qd2 Qc5 44.Qxg5+ Kh7 45.Nxf5 exf5 46.Qxf5+ Kh8 47.e6 Qe7 
48.Rxd5 Rb5 49.Qe5+ Kg8 50.Rxb5 axb5 51.Qxb5 Rxe6 52.Qd5 Qf6 53.Kg1 Kg7 
54.Qd7+ Re7 55.Qg4+ Kf8 56.Qc8+ Re8 57.Qc5+ Kg7 58.Qc3 Qxc3 59.bxc3 Rc8 
60.h4 Rxc3 61.Kf2 Kf6 62.g4 Ra3 63.Kg2 Rxa2+ 64.Kf3 Ra3+ 65.Kf4 Ra4+ 66.
Kf3 Kg6 67.Kg3 Ra1 68.Kf4 Rh1 69.Kg3 Rg1+ 70.Kf4 Kf6 71.Kf3 Ke5 72.h5 Kf6 
73.Kf4 Rf1+ 74.Kg3 Kg5 75.Kh3 Rf4 0-1

[Event "Weekend"]
[Site "Monza ITA"]
[Date "2006.03.26"]
[Round "6"]
[White "Acunzo, Domenico"]
[Black "Fornari, Sergio"]
[Result "1-0"]
[WhiteElo "1776"]
[BlackElo "1421"]
[PlyCount "100"]
[EventDate "2006.03.18"]

1.e4 c6 2.d4 d5 3.exd5 cxd5 4.c4 Nf6 5.Nc3 g6 6.c5 a6 7.Bd3 Bg7 8.Nge2 Nc6
9.a3 O-O 10.O-O Re8 11.h3 e5 12.dxe5 Nxe5 13.Bf4 Nxd3 14.Qxd3 Bf5 15.Qd2 
Qd7 16.Ng3 Rad8 17.Rad1 d4 18.Nce2 Ne4 19.Nxe4 Bxe4 20.Bd6 Be5 21.Bxe5 
Rxe5 22.Qf4 Qf5 23.Qxf5 Bxf5 24.Rxd4 Rxd4 25.Nxd4 Rxc5 26.Rd1 Rd5 27.f3 h5
28.h4 Kh7 29.Kf2 Bd7 30.Ke3 f5 31.g3 Kg7 32.Rd2 Kf6 33.f4 Rd6 34.Nf3 Re6+ 
35.Ne5 Bc6 36.Kd4 Rd6+ 37.Kc3 Rxd2 38.Kxd2 Kg7 39.Kc3 Be8 40.Kd4 Kf6 41.
Kc5 a5 42.Kb6 a4 43.Kxb7 Bb5 44.Kb6 Be2 45.Ka5 Bd1 46.Nc4 Ke6 47.Nb6 Kd6 
48.Nxa4 Bxa4 49.Kxa4 Kc6 50.b4 Kb6 1-0

[Event "Weekend"]
[Site "Monza ITA"]
[Date "2006.03.26"]
[Round "6"]
[White "Bencivenga, Antonio"]
[Black "Kokosar, Oliviero"]
[Result "0-1"]
[WhiteElo "1443"]
[BlackElo "1478"]
[PlyCount "76"]
[EventDate "2006.03.18"]

1.d4 d5 2.Nf3 Nf6 3.e3 e6 4.Bd3 c5 5.c3 c4 6.Bc2 Bd6 7.O-O O-O 8.Nbd2 Nbd7
9.e4 dxe4 10.Nxe4 Nxe4 11.Bxe4 Nf6 12.Bc2 h6 13.b3 cxb3 14.Bxb3 Qc7 15.c4 
b6 16.Be3 Bb7 17.Rc1 Ba3 18.Rc2 Be4 19.Rc3 Bb2 20.Rc2 Bxc2 21.Qxc2 Ba3 22.
c5 bxc5 23.dxc5 Rac8 24.g3 Qb7 25.Ne5 Nd5 26.c6 Qc7 27.Bd4 Rfd8 28.f4 Nb4 
29.Qe4 Nxc6 30.Nxf7 Nxd4 31.Nxd8 Rxd8 32.h4 Bc5 33.Kh2 Qe7 34.Rd1 Kf7 35.
h5 Qf6 36.f5 Ke7 37.Bc4 Qxf5 38.Qb7+ Rd7 0-1

[Event "Weekend"]
[Site "Monza ITA"]
[Date "2006.03.26"]
[Round "6"]
[White "Bozzali, Ermanno"]
[Black "Cardani, Roberto"]
[Result "0-1"]
[WhiteElo "2105"]
[BlackElo "1854"]
[PlyCount "52"]
[EventDate "2006.03.18"]

1.d4 Nf6 2.Nf3 g6 3.c4 Bg7 4.Nc3 d5 5.Bg5 Ne4 6.cxd5 Nxc3 7.bxc3 Qxd5 8.e3
c5 9.Be2 cxd4 10.cxd4 Nc6 11.O-O O-O 12.Qb3 Be6 13.Qxb7 Nxd4 14.Qa6 Nxf3+ 
15.Bxf3 Qxg5 16.Rac1 Rac8 17.Qxa7 Bb2 18.Rb1 Rc2 19.a4 Rfc8 20.a5 Bd5 21.
e4 Bc4 22.Rfd1 Ba2 23.Rxb2 Rxb2 24.Qd4 Rb1 25.Rxb1 Bxb1 26.g3 Qxa5 0-1

[Event "Weekend"]
[Site "Monza ITA"]
[Date "2006.03.26"]
[Round "6"]
[White "Capata, Ion"]
[Black "Lapiccirella, Mattia"]
[Result "1/2-1/2"]
[WhiteElo "2084"]
[BlackElo "2243"]
[PlyCount "76"]
[EventDate "2006.03.18"]

1.e4 c5 2.c3 d5 3.exd5 Qxd5 4.d4 Nf6 5.Nf3 Bg4 6.Be2 e6 7.h3 Bh5 8.Be3 
cxd4 9.Qxd4 Nc6 10.Qa4 Bc5 11.Bxc5 Qxc5 12.b4 Qb6 13.Nbd2 O-O 14.O-O Rfd8 
15.Nc4 Qc7 16.b5 Ne7 17.Rac1 Ned5 18.Nd4 Bg6 19.Rfd1 Ne4 20.Qb3 Nf4 21.Bf3
Nc5 22.b6 Qe7 23.Qb4 Nfd3 24.Rxd3 Bxd3 25.Ne5 Qg5 26.Re1 axb6 27.Qxb6 Rac8
28.Bxb7 Nxb7 29.Qxb7 Bg6 30.Nec6 Re8 31.a4 Qd2 32.Re3 Qc1+ 33.Kh2 Qa3 34.
Nb5 Qc5 35.Nbd4 Qd6+ 36.g3 Rc7 37.Nb5 Qd2 38.Qxc7 Qxf2+ 1/2-1/2

[Event "Weekend"]
[Site "Monza ITA"]
[Date "2006.03.26"]
[Round "6"]
[White "Crippa, Oscar"]
[Black "Montagner, Enzo"]
[Result "1-0"]
[WhiteElo "1577"]
[BlackElo "1453"]
[PlyCount "101"]
[EventDate "2006.03.18"]

1.e4 c5 2.Nf3 Nc6 3.d4 cxd4 4.c3 dxc3 5.Nxc3 e5 6.Bc4 h6 7.O-O Nf6 8.Qe2 
Be7 9.Rd1 O-O 10.b3 Re8 11.Bb2 a6 12.Rac1 d6 13.h3 b5 14.Bd5 Bb7 15.Nxe5 
Nxe5 16.Bxb7 Ra7 17.Bd5 Qb6 18.Rc2 Rd7 19.Rdc1 Rc8 20.Nd1 Rxc2 21.Qxc2 
Nxd5 22.exd5 Bg5 23.Rb1 Rc7 24.Qe4 f6 25.Bd4 Qa5 26.f4 Bxf4 27.Qxf4 Qxa2 
28.Qe4 Rf7 29.Ne3 Qe2 30.Qc2 Qxc2 31.Nxc2 Rc7 32.Ne3 Kf7 33.Nf5 Rd7 34.Ra1
Kg6 35.Ng3 Nd3 36.Rxa6 f5 37.Ra7 Rxa7 38.Bxa7 Kf7 39.Bd4 g6 40.Ne2 Nb4 41.
Nc3 Ke7 42.Kf2 Kd7 43.Bg7 h5 44.Ke3 Ke7 45.h4 Kf7 46.Bh6 Kf6 47.Bf4 Ke7 
48.g3 Nc2+ 49.Kd2 Nb4 50.Nxb5 Nxd5 51.Bxd6+ 1-0

[Event "Weekend"]
[Site "Monza ITA"]
[Date "2006.03.26"]
[Round "6"]
[White "Franzini, Stefano"]
[Black "Bertrecchi, Corrado"]
[Result "1-0"]
[WhiteElo "1715"]
[BlackElo "1395"]
[PlyCount "79"]
[EventDate "2006.03.18"]

1.e4 d6 2.d4 Nf6 3.Nc3 e5 4.dxe5 dxe5 5.Qxd8+ Kxd8 6.Bg5 Be7 7.O-O-O+ Bd7 
8.Nf3 Nc6 9.Bc4 Rf8 10.Rd2 h6 11.Bxf6 gxf6 12.Rhd1 Nb8 13.Nh4 Ke8 14.Nd5 
Bd8 15.Ne3 c6 16.Nef5 Ba5 17.Nd6+ Ke7 18.Nhf5+ Bxf5 19.Nxf5+ Ke8 20.Rd6 b5
21.Be2 Rg8 22.g3 Rg6 23.Bh5 Bc7 24.Bxg6 Bxd6 25.Nxd6+ Kf8 26.Bxf7 Na6 27.
Bh5 Rd8 28.Nf5 Rxd1+ 29.Kxd1 Nc5 30.f3 Na4 31.b3 Nc3+ 32.Kd2 Nxa2 33.Nxh6 
a5 34.c3 a4 35.bxa4 bxa4 36.Bf7 Kg7 37.Bxa2 Kxh6 38.Kd3 Kg5 39.h4+ Kg6 40.
g4 1-0

[Event "Weekend"]
[Site "Monza ITA"]
[Date "2006.03.26"]
[Round "6"]
[White "Galli, Giuliano"]
[Black "Faccio, Fabio"]
[Result "1-0"]
[WhiteElo "1403"]
[BlackElo "1948"]
[PlyCount "39"]
[EventDate "2006.03.18"]

1.e4 c5 2.Nf3 d6 3.Bb5+ Bd7 4.Bxd7+ Qxd7 5.O-O g6 6.d4 cxd4 7.Nxd4 Bg7 8.
c3 Nf6 9.Qe2 O-O 10.Nd2 Nc6 11.N2b3 Rac8 12.f3 Ne5 13.Be3 Nc4 14.Rfb1 d5 
15.exd5 Nxd5 16.Nc2 Qe6 17.Kf2 Nxc3 18.bxc3 Bxc3 19.Ncd4 Bxa1 20.Nxe6 1-0

[Event "Weekend"]
[Site "Monza ITA"]
[Date "2006.03.26"]
[Round "6"]
[White "Manca, Renato"]
[Black "Serio, Danilo"]
[Result "0-1"]
[WhiteElo "1772"]
[BlackElo "1916"]
[PlyCount "72"]
[EventDate "2006.03.18"]

1.e4 d5 2.e5 Bf5 3.d4 e6 4.Bd3 Bxd3 5.Qxd3 a6 6.Nf3 c5 7.c3 Nc6 8.O-O Qb6 
9.Nbd2 cxd4 10.cxd4 Nge7 11.Nb3 Ng6 12.Bd2 Be7 13.Rac1 O-O 14.Bg5 Nb4 15.
Qb1 Bxg5 16.Nxg5 h6 17.Nh3 Nh4 18.Nc5 Rad8 19.a3 Nc6 20.Qd3 Nf5 21.Nf4 
Nfxd4 22.Rc3 Nb5 23.Ncxe6 fxe6 24.Nxe6 Nxe5 25.Qh3 Nxc3 26.bxc3 Rde8 27.
Nxf8 Rxf8 28.Qh5 Qe6 29.f4 Nd3 30.g3 Rc8 31.f5 Qe3+ 32.Kg2 Rxc3 33.a4 Rc2+
34.Kh3 Nf2+ 35.Rxf2 Rxf2 36.a5 Qe2 0-1

[Event "Weekend"]
[Site "Monza ITA"]
[Date "2006.03.26"]
[Round "6"]
[White "Mannoni, Luigi"]
[Black "Giancola, Andrea"]
[Result "0-1"]
[WhiteElo "1562"]
[BlackElo "1592"]
[PlyCount "78"]
[EventDate "2006.03.18"]

1.e4 d5 2.exd5 Nf6 3.Nf3 Bg4 4.Be2 Nxd5 5.O-O Nf4 6.d3 Nxe2+ 7.Qxe2 Nc6 8.
Qe4 Qd7 9.Bf4 Bf5 10.Qe2 e6 11.Nc3 Bd6 12.Bxd6 cxd6 13.h3 O-O 14.a3 Rac8 
15.Rac1 Rfe8 16.Ne4 e5 17.Ng3 f6 18.Nxf5 Qxf5 19.Rfe1 Ne7 20.Qd2 Ng6 21.
Qb4 Qd7 22.Re3 d5 23.Qb3 Kh8 24.c3 d4 25.Re2 dxc3 26.Rxc3 Rxc3 27.Qxc3 Rc8
28.Qd2 Nf4 29.Re3 Rd8 30.Ne1 Ne6 31.Kh2 Qb5 32.f3 Kg8 33.Qf2 Rd6 34.g3 Rb6
35.Re2 Nd4 36.Rd2 Rc6 37.f4 Rc1 38.Nf3 Qc5 39.fxe5 Nxf3+ 0-1

[Event "Weekend"]
[Site "Monza ITA"]
[Date "2006.03.26"]
[Round "6"]
[White "Merlini, Luigi"]
[Black "Bettini, Massimo"]
[Result "0-1"]
[WhiteElo "1432"]
[BlackElo "1916"]
[PlyCount "34"]
[EventDate "2006.03.18"]

1.e4 e5 2.Nf3 Nc6 3.d4 exd4 4.Nxd4 Qh4 5.Nxc6 dxc6 6.Bd3 Bg4 7.Be2 h5 8.
Nd2 O-O-O 9.O-O Nf6 10.Qe1 Bd6 11.h3 Bxh3 12.gxh3 Qxh3 13.Nf3 Ng4 14.Bg5 
Rh6 15.Bh4 Bh2+ 16.Kh1 Bg3+ 17.Kg1 Bxh4 0-1

[Event "Weekend"]
[Site "Monza ITA"]
[Date "2006.03.26"]
[Round "6"]
[White "Pelizzola, Danilo"]
[Black "Loda', Domenico"]
[Result "1-0"]
[WhiteElo "2015"]
[BlackElo "1667"]
[PlyCount "45"]
[EventDate "2006.03.18"]

1.e4 c5 2.Nf3 Nc6 3.d4 cxd4 4.Nxd4 Nf6 5.Nc3 e5 6.Ndb5 d6 7.Nd5 Nxd5 8.
exd5 Nb8 9.c4 a6 10.Nc3 Bf5 11.Be3 Nd7 12.Bd3 Qf6 13.O-O Be7 14.f4 Bxd3 
15.Qxd3 Nc5 16.Bxc5 dxc5 17.fxe5 Qxe5 18.Rae1 Qc7 19.d6 Qb6 20.Rxe7+ Kf8 
21.Rfxf7+ Kg8 22.Rxg7+ Kf8 23.Qf5# 1-0

[Event "Weekend"]
[Site "Monza ITA"]
[Date "2006.03.26"]
[Round "6"]
[White "Poletto, Daniele"]
[Black "Santelli, Francesco"]
[Result "1/2-1/2"]
[WhiteElo "1670"]
[BlackElo "1810"]
[PlyCount "52"]
[EventDate "2006.03.18"]

1.c4 e5 2.Nc3 Nf6 3.g3 Bc5 4.Bg2 O-O 5.e3 Nc6 6.Nge2 Re8 7.O-O Bb4 8.a3 
Bxc3 9.Nxc3 e4 10.Qc2 d6 11.Nxe4 Bf5 12.Nxf6+ Qxf6 13.d3 Qg6 14.e4 Nd4 15.
Qd1 Bg4 16.f3 Bd7 17.Be3 Qf6 18.Bxd4 Qxd4+ 19.Rf2 f5 20.Qd2 fxe4 21.fxe4 
Rf8 22.Rf1 Rxf2 23.Qxf2 Qxf2+ 24.Rxf2 Rf8 25.Rxf8+ Kxf8 26.Kf2 c5 1/2-1/2

[Event "Weekend"]
[Site "Monza ITA"]
[Date "2006.03.26"]
[Round "6"]
[White "Rinaldo, Andrea"]
[Black "Fantina, Carla"]
[Result "1-0"]
[WhiteElo "1772"]
[BlackElo "1503"]
[PlyCount "39"]
[EventDate "2006.03.18"]

1.d4 d6 2.Nf3 Nf6 3.Nbd2 g6 4.e4 Bg7 5.Bd3 O-O 6.O-O Nbd7 7.c3 c5 8.Qe2 a6
9.e5 dxe5 10.dxe5 Nd5 11.e6 N7f6 12.exf7+ Kh8 13.Nc4 e6 14.Nfe5 Nd7 15.
Bxg6 Nxe5 16.Nxe5 Qh4 17.f4 Bf6 18.Rf3 Bxe5 19.Rh3 Qf6 20.Rxh7# 1-0

[Event "Torneo FIDE"]
[Site "Frascati ITA"]
[Date "2006.03.25"]
[Round "1"]
[White "Berkes, Ferenc"]
[Black "Ronchetti, Niccolo'"]
[Result "1-0"]
[WhiteElo "2597"]
[BlackElo "2411"]
[PlyCount "61"]
[EventDate "2006.03.25"]

1.c4 c5 2.Nf3 b6 3.Nc3 Bb7 4.e3 Nf6 5.d4 g6 6.d5 Bg7 7.e4 d6 8.Bd3 e5 9.h3
Nh5 10.Ne2 O-O 11.Bg5 f6 12.Bd2 f5 13.Ng5 Bc8 14.exf5 gxf5 15.g4 e4 16.Bc2
e3 17.gxh5 exd2+ 18.Qxd2 Qf6 19.Rg1 Kh8 20.Nf4 Nd7 21.Nfe6 Re8 22.Kf1 Ba6 
23.Nf7+ Qxf7 24.Rxg7 Qxh5 25.Rxd7 Qxh3+ 26.Ke2 Qg4+ 27.f3 Qxc4+ 28.Kd1 
Qf1+ 29.Qe1 Qxf3+ 30.Kc1 Bb5 31.Rxh7+ 1-0

[Event "Torneo FIDE"]
[Site "Frascati ITA"]
[Date "2006.03.25"]
[Round "1"]
[White "Brunello, Sabino"]
[Black "Kasparov, Sergey"]
[Result "0-1"]
[WhiteElo "2301"]
[BlackElo "2491"]
[PlyCount "138"]
[EventDate "2006.03.25"]

1.e4 c6 2.d4 d5 3.e5 Bf5 4.Nf3 e6 5.Be2 Nd7 6.O-O Ne7 7.b3 h6 8.c4 g5 9.
Nc3 Bh7 10.cxd5 Nxd5 11.Nxd5 cxd5 12.Bd3 Bg6 13.Be3 Be7 14.Ne1 Qb6 15.Qc2 
Rg8 16.Bxg6 fxg6 17.Nd3 Kf7 18.Qd1 Kg7 19.f4 Raf8 20.Kh1 gxf4 21.Nxf4 Bg5 
22.Qg4 Rf5 23.h4 Bxf4 24.Rxf4 Nxe5 25.Qg3 Nf7 26.Rg4 Kh7 27.Rc1 Rg7 28.Kh2
Qd6 29.Bf4 Qd8 30.Bc7 Qe7 31.Bb8 Qf6 32.Rc8 e5 33.Bxe5 Nxe5 34.dxe5 Qxe5 
35.Qxe5 Rxe5 36.Rd8 Rf7 37.Rd4 Re2 38.R8xd5 Rxa2 39.Rd7 Rf2 40.Rxf7+ Rxf7 
41.Rd6 h5 42.Rd4 Kg7 43.g4 hxg4 44.Rb4 b6 45.Kg3 Rd7 46.Kxg4 Kh6 47.Rb5 
Rd4+ 48.Kg3 Re4 49.Kh3 Re1 50.Rb4 Re3+ 51.Kg4 Rc3 52.Rb5 Rc5 53.Rb4 b5 54.
Rd4 Rc3 55.Rd8 Rxb3 56.Rh8+ Kg7 57.Ra8 Ra3 58.Kg5 Ra6 59.Rb8 Rb6 60.Rd8 b4
61.Rd7+ Kf8 62.Rxa7 b3 63.Ra1 b2 64.Rb1 Kg7 65.Kf4 Kh6 66.Ke3 Kh5 67.Kd3 
Kxh4 68.Kc2 g5 69.Rh1+ Kg3 0-1

[Event "Torneo FIDE"]
[Site "Frascati ITA"]
[Date "2006.03.25"]
[Round "1"]
[White "Damljanovic, Branko"]
[Black "Godena, Michele"]
[Result "1/2-1/2"]
[WhiteElo "2615"]
[BlackElo "2505"]
[PlyCount "34"]
[EventDate "2006.03.25"]

1.c4 e6 2.Nf3 d5 3.d4 Nf6 4.Bg5 h6 5.Bxf6 Qxf6 6.Nc3 c6 7.e3 Nd7 8.Bd3 
dxc4 9.Bxc4 g6 10.O-O Qe7 11.e4 Bg7 12.a4 O-O 13.a5 Rd8 14.Qe2 b5 15.axb6 
Nxb6 16.Ba6 Bxa6 17.Rxa6 c5 1/2-1/2

[Event "Torneo FIDE"]
[Site "Frascati ITA"]
[Date "2006.03.25"]
[Round "1"]
[White "Romanishin, Oleg M."]
[Black "Bruno, Fabio"]
[Result "1/2-1/2"]
[WhiteElo "2552"]
[BlackElo "2409"]
[PlyCount "75"]
[EventDate "2006.03.25"]

1.d4 d5 2.c4 c6 3.Nf3 e6 4.g3 dxc4 5.Bg2 b5 6.a4 Bb7 7.Nc3 a6 8.O-O Nd7 9.
Ne5 Nxe5 10.dxe5 Qb8 11.Ne4 c5 12.Bf4 Bd5 13.axb5 axb5 14.Nd6+ Bxd6 15.
Bxd5 Rxa1 16.Bc6+ Kf8 17.Qxa1 Bc7 18.Be3 g6 19.Qa3 Bxe5 20.Qxc5+ Kg7 21.
Ra1 Nf6 22.Ra8 Qc7 23.Ra7 Qd6 24.Qxd6 Bxd6 25.Bxb5 Rc8 26.Ba6 Rc6 27.Bb5 
Rc8 28.Ra4 Be5 29.Bxc4 Bxb2 30.h3 Ng8 31.Ba2 Be5 32.Ra5 Bf6 33.g4 h6 34.
Ra7 Ne7 35.Rb7 g5 36.Bb3 Kg6 37.Kg2 Nc6 38.Bc2+ 1/2-1/2

[Event "Torneo FIDE"]
[Site "Frascati ITA"]
[Date "2006.03.26"]
[Round "2"]
[White "Bruno, Fabio"]
[Black "Mogranzini, Roberto"]
[Result "1/2-1/2"]
[WhiteElo "2409"]
[BlackElo "2370"]
[PlyCount "167"]
[EventDate "2006.03.25"]

1.c4 Nf6 2.Nc3 g6 3.e4 d6 4.g3 Bg7 5.Bg2 O-O 6.Nge2 c5 7.O-O Nc6 8.d3 Rb8 
9.Rb1 Ne8 10.Be3 Nc7 11.d4 cxd4 12.Nxd4 Ne5 13.b3 Ng4 14.Bg5 h6 15.Bc1 Bd7
16.h3 Ne5 17.Be3 Nc6 18.Rc1 a6 19.Nxc6 bxc6 20.c5 dxc5 21.Na4 Nb5 22.Bxc5 
Re8 23.Qe2 e5 24.Rfd1 Qc7 25.Be3 Bc8 26.Qc4 Nd4 27.Nc5 Qa5 28.Bxd4 exd4 
29.Qc2 h5 30.f4 Rd8 31.Nd3 Bd7 32.Qd2 Qb6 33.Kh2 Bf8 34.Rc2 Rbc8 35.h4 c5 
36.Bf1 Re8 37.Nf2 a5 38.Bc4 a4 39.Qd3 Kg7 40.Re2 axb3 41.axb3 Ra8 42.e5 
Bf5 43.Qf3 Ra7 44.Rde1 Ra3 45.Rd2 Qb4 46.Qd1 Rea8 47.Nd3 Qb7 48.Nc1 Re8 
49.Qe2 Ra1 50.Nd3 Rxe1 51.Qxe1 Ra8 52.Nf2 Be7 53.e6 f6 54.Qe2 Ra1 55.Rd1 
Ra7 56.Rd2 Qc6 57.Ra2 Rxa2 58.Qxa2 Bxe6 59.Qe2 Kf7 60.f5 gxf5 61.Qxh5+ Kg7
62.Bd3 Qd7 63.Nh3 Bd6 64.Qf3 Be5 65.Nf2 Qd5 66.Qxd5 Bxd5 67.Bc4 Bxc4 68.
bxc4 f4 69.gxf4 Bxf4+ 70.Kh3 f5 71.Nd3 Bd6 72.Ne1 Kg6 73.Kg2 Kh5 74.Kh3 
Be7 75.Nd3 Bd6 76.Nf2 Kg6 77.Kg2 f4 78.Kf3 Kf5 79.Nd3 Be7 80.Nxf4 Bxh4 81.
Nd3 Be7 82.Nf2 Bh4 83.Nd3 Be7 84.Nf2 1/2-1/2

[Event "Torneo FIDE"]
[Site "Frascati ITA"]
[Date "2006.03.26"]
[Round "2"]
[White "Damljanovic, Branko"]
[Black "Berkes, Ferenc"]
[Result "1/2-1/2"]
[WhiteElo "2615"]
[BlackElo "2597"]
[PlyCount "20"]
[EventDate "2006.03.25"]

1.c4 e6 2.Nf3 d5 3.d4 Nf6 4.g3 dxc4 5.Bg2 a6 6.O-O Nc6 7.Nc3 Be7 8.Qa4 O-O
9.Qxc4 b5 10.Qd3 Nb4 1/2-1/2

[Event "Torneo FIDE"]
[Site "Frascati ITA"]
[Date "2006.03.26"]
[Round "2"]
[White "Dervishi, Erald"]
[Black "Brunello, Sabino"]
[Result "1-0"]
[WhiteElo "2491"]
[BlackElo "2301"]
[PlyCount "55"]
[EventDate "2006.03.25"]

1.e4 e5 2.Nf3 Nc6 3.Bb5 a6 4.Ba4 Nf6 5.O-O Be7 6.d4 exd4 7.e5 Ne4 8.Nxd4 
Nxd4 9.Qxd4 Nc5 10.Nc3 O-O 11.Bg5 Bxg5 12.Qxc5 d6 13.exd6 cxd6 14.Qb4 b5 
15.Bb3 a5 16.Qe4 Ba6 17.Rfd1 Bf6 18.a3 Bxc3 19.bxc3 Rc8 20.Rd3 Qf6 21.Rad1
Qe5 22.Qf3 a4 23.Re3 Qg5 24.Bd5 Rc7 25.Rd4 Bc8 26.h4 Qf5 27.Rf4 Qg6 28.h5 
1-0

[Event "Torneo FIDE"]
[Site "Frascati ITA"]
[Date "2006.03.26"]
[Round "2"]
[White "Godena, Michele"]
[Black "Kasparov, Sergey"]
[Result "1-0"]
[WhiteElo "2505"]
[BlackElo "2491"]
[PlyCount "82"]
[EventDate "2006.03.25"]

1.e4 c6 2.d4 d5 3.Nd2 dxe4 4.Nxe4 Bf5 5.Ng3 Bg6 6.Nh3 e6 7.Nf4 Qc7 8.h4 
Bd6 9.Nxg6 hxg6 10.Ne4 Bf4 11.g3 Bxc1 12.Qxc1 Ne7 13.Qd2 Nd7 14.c3 Nf6 15.
Ng5 Nf5 16.Bg2 O-O-O 17.Qe2 Rd7 18.O-O Nxg3 19.fxg3 Qxg3 20.Qf2 Qxh4 21.
Qxh4 Rxh4 22.Nf3 Rh5 23.Ne5 Rc7 24.b4 Kd8 25.a4 Ke8 26.b5 c5 27.a5 cxd4 
28.cxd4 Nd5 29.Bxd5 exd5 30.Rfc1 Rxc1+ 31.Rxc1 f6 32.Rc8+ Ke7 33.Nc6+ Kd7 
34.Nxa7 Rh4 35.b6 Rxd4 36.Rc7+ Ke6 37.Rxb7 Ra4 38.Nc6 Kd6 39.Rxg7 Kxc6 40.
b7 Ra1+ 41.Kf2 Ra2+ 1-0

[Event "Torneo FIDE"]
[Site "Frascati ITA"]
[Date "2006.03.26"]
[Round "2"]
[White "Ronchetti, Niccolo'"]
[Black "Romanishin, Oleg M."]
[Result "1/2-1/2"]
[WhiteElo "2411"]
[BlackElo "2552"]
[PlyCount "119"]
[EventDate "2006.03.25"]

1.e4 e5 2.Nf3 Nc6 3.Bb5 a6 4.Ba4 Nf6 5.O-O Be7 6.Re1 b5 7.Bb3 d6 8.c3 O-O 
9.h3 Na5 10.Bc2 c5 11.d4 Nd7 12.Nbd2 cxd4 13.cxd4 Nc6 14.Nb3 a5 15.Bd3 a4 
16.Bxb5 Qb6 17.Bxc6 Qxc6 18.Nbd2 Bf6 19.b3 axb3 20.Nxb3 Ra4 21.a3 exd4 22.
Nbxd4 Qa6 23.Rb1 Nc5 24.Rb4 Bd7 25.e5 dxe5 26.Nxe5 Bxe5 27.Rxe5 Nd3 28.
Rxa4 Bxa4 29.Qf1 Qc4 30.Re3 Rd8 31.Rxd3 Rxd4 32.Rxd4 Qxd4 33.Be3 Qd1 34.
Qxd1 Bxd1 35.Kf1 f5 36.Ke1 Ba4 37.Kd2 Kf7 38.Kc3 Ke6 39.Kb4 Bd1 40.Kc5 h5 
41.h4 g6 42.Bf4 Bc2 43.Kb5 Bd3+ 44.Kb6 Bc2 45.Kc5 Bd1 46.g3 Bc2 47.Kb5 
Bd3+ 48.Ka5 Kd5 49.Kb6 Bc2 50.Kc7 Ba4 51.Kd8 Ke6 52.Bh6 Bb5 53.Kc7 Kd5 54.
Kb6 Be8 55.Be3 Bd7 56.Ka5 Kc4 57.Bf4 Be8 58.Kb6 Kd5 59.f3 Bd7 60.Kc7 
1/2-1/2